Calder Trophy Winners - Statistics

General Stats
  • This quiz has been taken 332 times
    13 since last reset
  • The average score is 16 of 93
Answer Stats
Year Winner % Correct
2026 Matthew Schaefer
100%
2024 Connor Bedard
83%
2006 Alexander Ovechkin
75%
2017 Auston Matthews
67%
2025 Lane Hutson
67%
2016 Artemi Panarin
58%
2020 Cale Makar
58%
2023 Matty Beniers
58%
2014 Nathan MacKinnon
58%
1993 Teemu Selanne
50%
2019 Elias Pettersson
42%
1985 Mario Lemieux
42%
2018 Mathew Barzal
42%
2008 Patrick Kane
42%
2015 Aaron Ekblad
33%
1967 Bobby Orr
33%
1956 Glenn Hall
33%
2021 Kirill Kaprizov
33%
2022 Moritz Seider
33%
2010 Tyler Myers
33%
2007 Evgeni Malkin
25%
2012 Gabriel Landeskog
25%
2011 Jeff Skinner
25%
2013 Jonathan Huberdeau
25%
1990 Sergei Makarov
25%
2004 Andrew Raycroft
17%
2003 Barret Jackman
17%
1979 Bobby Smith
17%
1989 Brian Leetch
17%
1976 Bryan Trottier
17%
1996 Daniel Alfredsson
17%
2002 Dany Heatley
17%
1974 Denis Potvin
17%
1991 Ed Belfour
17%
2001 Evgeni Nabokov
17%
1958 Frank Mahovlich
17%
1972 Ken Dryden
17%
1987 Luc Robitaille
17%
1994 Martin Brodeur
17%
1978 Mike Bossy
17%
1992 Pavel Bure
17%
1995 Peter Forsberg
17%
1981 Peter Stastny
17%
1998 Sergei Samsonov
17%
2009 Steve Mason
17%
1970 Tony Esposito
17%
1952 Bernie Geoffrion
8%
1997 Bryan Berard
8%
1999 Chris Drury
8%
1986 Gary Suter
8%
1971 Gilbert Perreault
8%
1964 Jacques Laperrière
8%
1988 Joe Nieuwendyk
8%
1940 Kilby MacDonald
8%
1949 Pentti Lund
8%
1959 Ralph Backstrom
8%
1980 Ray Bourque
8%
2000 Scott Gomez
8%
1983 Steve Larmer
8%
1984 Tom Barrasso
8%
1960 Bill Hay
0%
1962 Bobby Rousseau
0%
1966 Brit Selby
0%
1954 Camille Henry
0%
1933 Carl Voss
0%
1938 Cully Dahlstrom
0%
1982 Dale Hawerchuk
0%
1969 Danny Grant
0%
1961 Dave Keon
0%
1968 Derek Sanderson
0%
1946 Edgar Laprade
0%
1955 Ed Litzenberger
0%
1975 Eric Vail
0%
1939 Frank Brimsek
0%
1945 Frank McCool
0%
1943 Gaye Stewart
0%
1942 Grant Warwick
0%
1953 Gump Worsley
0%
1944 Gus Bodnar
0%
1947 Howie Meeker
0%
1950 Jack Gelineau
0%
1948 Jim McFadden
0%
1941 Johnny Quilty
0%
1963 Kent Douglas
0%
1957 Larry Regan
0%
1936 Mike Karakas
0%
1965 Roger Crozier
0%
1934 Russ Blinco
0%
1973 Steve Vickers
0%
1935 Sweeney Schriner
0%
1937 Syl Apps
0%
1951 Terry Sawchuk
0%
1977 Willi Plett
0%
No matching quizzes found
Score Distribution
Percent of People with Each Score
Percentile by Number Answered
Your Score History
You have not taken this quiz since the last reset